000 00507nam a2200181Ia 4500
005 20250508163334.0
008 008 250505s9999 xx 000 0 eng d
037 _aTextual
040 _aFEDL
_beng
_cFEDL
041 _aeng
_2eng
084 _a820.7, JAC
_qFEDL
100 _aJackson David
245 0 _aEncounters with books: Teaching fiction 11-16
260 _aLondon, UK
_bMethuen and Co. Ltd
_c1983
300 _axi,198p.
942 _cTEXL
_h820.7, JAC
999 _c1382414
_d1382414